[Event "Bosnjaci op 16th"]
[Site "Bosnjaci"]
[Date "2011.01.08"]
[Round "8"]
[White "Zavacki, Ivan"]
[Black "Plenca, Julian"]
[Result "0-1"]
[WhiteElo "2146"]
[BlackElo "2344"]
[PlyCount "80"]
[EventDate "2011.01.03"]
[EventType "swiss"]
[EventRounds "9"]
[EventCountry "CRO"]
[SourceTitle "CBM 140 Extra"]
[Source "ChessBase"]
[SourceDate "2011.03.01"]
[SourceVersion "1"]
[SourceVersionDate "2011.03.01"]
[SourceQuality "1"]

1. d4 Nf6 2. c4 c5 3. d5 e6 4. Nc3 exd5 5. cxd5 g6 6. e4 d6 7. Nf3 a6 8. a4 Bg4 9. Be2 Bxf3 10. Bxf3 Nbd7 11. 0-0 Bg7 12. a5 0-0 13. Re1 c4 14. Bf4 Nc5 15. Be3 Nd3 16. Re2 Nd7 17. Ra2 Qc7 18. Rd2 Nxb2 19. Rdxb2 Bxc3 20. Rc2 Bxa5 21. Bh6 Bb6 22. Bxf8 Rxf8 23. Be2 c3 24. Ra3 Ba5 25. h4 Bb4 26. Raa2 a5 27. h5 Qd8 28. Qd4 Qg5 29. Rxc3 Bxc3 30. Qxc3 b6 31. Qc7 Ne5 32. Qxd6 Rc8 33. Ra1 Rc2 34. h6 Rc8 35. Qxb6 Qxh6 36. Qb2 Qf4 37. Qd4 Rc2 38. g3 Qf6 39. Qd1 Ng4 40. f3 Qb6+ 0-1

[Event "Bosnjaci op 13th"]
[Site "Bosnjaci"]
[Date "2008.01.05"]
[Round "4"]
[White "Zavacki, Ivan"]
[Black "Dubravac, Andrija"]
[Result "1-0"]
[WhiteElo "2152"]
[BlackElo "2024"]
[PlyCount "87"]
[EventDate "2008.01.03"]
[EventType "swiss"]
[EventRounds "9"]
[EventCountry "CRO"]
[SourceTitle "CBM 122 Extra"]
[Source "ChessBase"]
[SourceDate "2008.03.04"]
[SourceVersion "1"]
[SourceVersionDate "2008.03.04"]
[SourceQuality "1"]

1. e4 d5 2. exd5 Qxd5 3. Nc3 Qd6 4. d4 a6 5. Nf3 Bg4 6. Be2 Nf6 7. h3 Bh5 8. 0-0 e6 9. Be3 Be7 10. Nd2 Bxe2 11. Qxe2 Nc6 12. Nc4 Qd8 13. Rfd1 0-0 14. a3 Rc8 15. Qf3 Qe8 16. b4 Nd8 17. Ne5 c6 18. Na4 b5 19. Nc5 Bxc5 20. dxc5 Nd5 21. c4 Nxe3 22. Qxe3 f6 23. Nd7 Rf7 24. Nb6 Rcc7 25. cxb5 axb5 26. a4 bxa4 27. Rxa4 Rf8 28. Ra8 Qe7 29. Rd6 e5 30. Qb3+ Kh8 31. Qd3 Nf7 32. Rxf8+ Qxf8 33. Rd7 Qb8 34. Qf5 Nh6 35. Qe6 Rxd7 36. Qxd7 e4 37. Qxc6 Qf4 38. Qe8+ Ng8 39. Nd5 Qc1+ 40. Kh2 h6 41. Qxe4 Qd2 42. f4 h5 43. c6 h4 44. c7 1-0

[Event "Bosnjaci op 13th"]
[Site "Bosnjaci"]
[Date "2008.01.04"]
[Round "2"]
[White "Zavacki, Ivan"]
[Black "Lazic, Miroljub"]
[Result "0-1"]
[WhiteElo "2152"]
[BlackElo "2512"]
[PlyCount "166"]
[EventDate "2008.01.03"]
[EventType "swiss"]
[EventRounds "9"]
[EventCountry "CRO"]
[SourceTitle "CBM 122 Extra"]
[Source "ChessBase"]
[SourceDate "2008.03.04"]
[SourceVersion "1"]
[SourceVersionDate "2008.03.04"]
[SourceQuality "1"]

1. e4 e5 2. Nf3 d6 3. d4 Nd7 4. Bc4 c6 5. a4 Be7 6. 0-0 Ngf6 7. Nc3 0-0 8. h3 a5 9. Bb3 exd4 10. Nxd4 Nc5 11. Re1 Nxb3 12. Nxb3 Nd7 13. Nd4 Nc5 14. Be3 Re8 15. Qd2 Bf6 16. f3 Qb6 17. Nde2 Be6 18. Kh1 Rad8 19. Nd4 Bc8 20. Bf2 Qb4 21. Red1 h6 22. Be3 Be6 23. Nce2 Qb6 24. Nxe6 fxe6 25. Bd4 Bxd4 26. Qxd4 d5 27. e5 Qa7 28. Nf4 b6 29. Nh5 Qf7 30. Qg4 Kh7 31. Rd4 Nd7 32. Re1 Rf8 33. Rf4 Qe7 34. b3 Rde8 35. Rxf8 Qxf8 36. c4 Qf7 37. cxd5 cxd5 38. f4 g6 39. Ng3 Nc5 40. Qf3 Rf8 41. Rf1 Qe7 42. Qe3 Qh4 43. Kh2 g5 44. fxg5 Rxf1 45. Nxf1 d4 46. Qf3 Qxg5 47. Ng3 Qxe5 48. Qf7+ Qg7 49. Qf3 d3 50. Nh5 Qe5+ 51. Kg1 Qf5 52. Qd1 e5 53. Kh1 e4 54. Ng3 Qf4 55. Nh5 Qe3 56. Kh2 Qe2 57. Nf6+ Kg6 58. Qa1 Qf2 59. Ng4 Qf4+ 60. g3 Qd6 61. Qh8 Kf7 62. Nxh6+ Ke6 63. Qg8+ Kd7 64. Nf5 Qe6 65. Qg7+ Kc8 66. Qf8+ Kc7 67. Nd4 Qd7 68. Nb5+ Kb7 69. Nd6+ Kc6 70. Nb5 d2 71. Qa8+ Nb7 72. Na7+ Kc7 73. Nb5+ Qxb5 74. axb5 d1Q 75. Qe8 Qc2+ 76. Kg1 Qxb3 77. Qc6+ Kb8 78. g4 Qg3+ 79. Kf1 Qxh3+ 80. Kf2 Qf3+ 81. Ke1 Ka7 82. g5 Qe3+ 83. Kf1 Qxg5 0-1

[Event "Zupanja op-B 13th"]
[Site "Zupanja"]
[Date "2007.01.07"]
[Round "7"]
[White "Franciskovic, Vinko"]
[Black "Zavacki, Ivan"]
[Result "1-0"]
[WhiteElo "2022"]
[BlackElo "2149"]
[PlyCount "91"]
[EventDate "2007.01.03"]
[EventType "swiss"]
[EventRounds "9"]
[EventCountry "CRO"]
[SourceTitle "CBM 116 Extra"]
[Source "ChessBase"]
[SourceDate "2007.03.07"]
[SourceVersion "1"]
[SourceVersionDate "2007.03.07"]
[SourceQuality "1"]

1. e4 c5 2. Nf3 e6 3. b4 cxb4 4. d4 d5 5. e5 Nc6 6. a3 bxa3 7. c3 Be7 8. Bd3 Bd7 9. 0-0 f5 10. exf6 Nxf6 11. Re1 0-0 12. Ng5 Qc8 13. Qe2 Nd8 14. Bd2 h6 15. Nf3 Bd6 16. Nh4 Be8 17. Nxa3 a6 18. Nc2 Bh5 19. f3 Qc7 20. g4 Bf7 21. Ng6 Bxg6 22. Bxg6 Bf4 23. Ne3 Ne8 24. Bxe8 Rxe8 25. Nxd5 exd5 26. Qxe8+ Kh7 27. Bxf4 Qxf4 28. Qe3 Qf7 29. Qd3+ Kh8 30. Re3 Ne6 31. Qf5 Qxf5 32. gxf5 Nf4 33. Rae1 Kg8 34. Re8+ Rxe8 35. Rxe8+ Kf7 36. Rc8 b5 37. Kf2 a5 38. Rb8 b4 39. cxb4 Nd3+ 40. Ke3 Nxb4 41. Ra8 Kf6 42. Rxa5 Kxf5 43. Rb5 Nc2+ 44. Kd2 Na3 45. Rxd5+ Kf4 46. Kd3 1-0

[Event "Zupanja op-B 13th"]
[Site "Zupanja"]
[Date "2007.01.06"]
[Round "5"]
[White "Zavacki, Ivan"]
[Black "Valkovic, Kristian"]
[Result "1-0"]
[WhiteElo "2149"]
[BlackElo "1968"]
[PlyCount "57"]
[EventDate "2007.01.03"]
[EventType "swiss"]
[EventRounds "9"]
[EventCountry "CRO"]
[SourceTitle "CBM 116 Extra"]
[Source "ChessBase"]
[SourceDate "2007.03.07"]
[SourceVersion "1"]
[SourceVersionDate "2007.03.07"]
[SourceQuality "1"]

1. e4 c5 2. Nf3 d6 3. d4 cxd4 4. Qxd4 a6 5. Be3 Nc6 6. Qb6 Qxb6 7. Bxb6 Nf6 8. Nc3 e6 9. 0-0-0 Be7 10. h3 Nd7 11. Bc7 Nde5 12. Bxd6 Nxf3 13. gxf3 Bf6 14. Na4 Bd8 15. f4 f6 16. a3 Bd7 17. Nc5 Bc8 18. Bc4 e5 19. fxe5 Nxe5 20. Bd5 Ra7 21. Ne6 Bxe6 22. Bxe6 Be7 23. Bb8 Ra8 24. Bxe5 fxe5 25. Rd5 Bg5+ 26. Kb1 Bf6 27. Rd7 b5 28. Rhd1 Rd8 29. Bf7+ 1-0